000 00810nac a22002657a 4500
001 BR7401163
003 BR-BrBNA
005 20240105113752.0
008 230509b bl.|||m| |||| 00| 0 por d
040 _aBR-BrBNA
_bpor
_cBiblioteca Nacional de Agricultura
072 _aF30
090 _a2110 BR7401163
100 1 _aVello, F.
110 1 _aCentro de Pesquisas do Cacau, Ilheus, BA (Brasil)
_91631
245 1 _aIncompatibilidade em cacaueiro [Genetica vegetal]
_bCurso de cacau
260 3 _aIlheus, BA (Brasil):
_c1964.
300 _a8 p.
490 _aDocumento - Centro de Pesquisas do Cacau (Brazil)
_vno. 10
_x
500 _a6 ref.
650 _aCACAU
650 _aPOLINIZACAO
650 _aAPARELHO REPRODUTOR
909 _a202312
_bLúcia Elande
_c55
_dLúcia Elande
942 _2AGRIS
_n0
_cMS
999 _c265458
_d265458